000 00598nam a22001817a 4500
005 20240530110925.0
008 220221s2008 ua c g b 000 0 ara d
040 _aEG-CaGPL
_cEG-CaGPL
082 0 4 _221
_a811.09 /
_bس ف
100 0 _aسهير المصادفة
245 1 0 _aفتاة تجرب حتفها : شعر /
_cسهير المصادفة
260 _aالقاهرة :
_bدار التلاقى للكتاب ،
_c2008
300 _a111 ص؛
_c20 سم
650 0 7 _aالشعر
_2qrmak
650 0 7 _aالادب
_2qrmak
942 _2ddc
_cBK
999 _c66553
_d66553